| 000 | 00928nac a22002657a 4500 | ||
|---|---|---|---|
| 001 | BR9300721 | ||
| 003 | BR-BrBNA | ||
| 005 | 20240105121359.0 | ||
| 008 | 230509b bl.|||m| |||| 00| 0 por d | ||
| 040 |
_aBR-BrBNA _bpor _cBiblioteca Nacional de Agricultura |
||
| 072 | _aL73 | ||
| 090 | _a6100 BR9300721 | ||
| 100 | 1 | _aFiorentin, L. | |
| 110 | 1 | _aCentro Nacional de Pesquisa de Suinos e Aves, Concordia, SC (Brasil) | |
| 245 | 1 | _aCriterios para normatizacao do diagnostico das infeccoes por Mycoplasma gallisepticum e Mycoplasma synoviae em galinhas | |
| 260 | 3 |
_aConcordia, SC (Brasil): _c1991. |
|
| 300 | _a14 p. | ||
| 490 |
_aCircular Tecnica - Centro Nacional de Pesquisa de Suinos e Aves (Brazil) _vno. 13 _xISSN 0102-3713 |
||
| 500 | _a10 ref.; 5 illus. | ||
| 650 | _aGalinha | ||
| 650 | _aMicoplasmose | ||
| 650 | _aDiagnostico | ||
| 909 |
_a202312 _bLúcia Elande _c55 _dLúcia Elande |
||
| 942 |
_2AGRIS _n0 _cMS |
||
| 999 |
_c284968 _d284968 |
||